00589nam a2200181Ia 4500008004100000020001800041041000800059082001300067100002400080245003900104260004500143300001100188365001200199650001500211906001500226999001900241952014700260210719s2000 xx 000 0 und d a0 7513 1213 4 aeng a658 ESSM aESSENTIAL MANAGERS. aMarketing effectively. by Moi Ali. aLondon.bDorling Kindersley Book.,c2000 a72bPB b221cRs aManagement aMarketing  c211710d211710 001040708ManagementaALbALd2002-01-03eK Surekha Shenoy, Kochi.g221.00l0o658 ESSMp057132r2021-07-19 00:00:00v190.06w2021-07-19yBK